[Event "Calle Region-ch U1700"]
[Site "Calle"]
[Date "2020.02.22"]
[Round "4.6"]
[White "Torres Duarte, Miguel Angel"]
[Black "Jaimes Maldonado, Johan Sebastian"]
[Result "1-0"]
[WhiteElo "1403"]
[BlackElo "1640"]
[PlyCount "57"]
[EventDate "2020.02.21"]
[EventType "swiss"]
[EventRounds "6"]
[EventCountry "COL"]
[SourceTitle "EXT 2024"]
[Source "ChessBase"]
[SourceDate "2023.10.10"]
[SourceVersion "1"]
[SourceVersionDate "2023.10.10"]
[SourceQuality "1"]

1. e4 c5 2. Nf3 Nc6 3. d4 Qa5+ 4. Bd2 Qb6 5. d5 Nd8 6. b3 e6 7. c4 d6 8. Bd3 Nh6 9. 0-0 f5 10. exf5 e5 11. Qc2 Ng4 12. Nc3 h6 13. Nh4 Qc7 14. Ng6 Rh7 15. h3 Nf6 16. Rae1 Nf7 17. f4 Be7 18. fxe5 dxe5 19. Bf4 Bd6 20. Nb5 Qb6 21. Nxd6+ Qxd6 22. Bxe5 Nxe5 23. Rxe5+ Kd8 24. Rfe1 Kc7 25. Re7+ Kb6 26. R1e6 Bxe6 27. Rxe6 Qxe6 28. fxe6 h5 29. Ne5 1-0

[Event "Bogota Bonita op"]
[Site "Bogota"]
[Date "2019.09.28"]
[Round "5"]
[White "Torres Duarte, Miguel Angel"]
[Black "Martinez Zuluaica, Julian"]
[Result "0-1"]
[WhiteElo "1356"]
[BlackElo "2111"]
[PlyCount "78"]
[EventDate "2019.09.26"]
[EventType "swiss"]
[EventRounds "7"]
[EventCountry "COL"]
[SourceTitle "EXT 2020"]
[Source "ChessBase"]
[SourceDate "2019.10.17"]
[SourceVersion "1"]
[SourceVersionDate "2019.10.17"]
[SourceQuality "1"]

1. e4 d5 2. exd5 Qxd5 3. Nc3 Qa5 4. Nf3 Bg4 5. d4 Nc6 6. d5 0-0-0 7. Bd2 Nd4 8. Nb5 Bxf3 9. Bxa5 Bxd1 10. Nxd4 Rxd5 11. Rxd1 Rxa5 12. Bc4 e6 13. Nxe6 Re5+ 14. Kf1 fxe6 15. Rd4 Bc5 16. Rg4 g6 17. g3 Nf6 18. Rf4 Re4 19. Rxe4 Nxe4 20. Bxe6+ Kb8 21. f3 Rf8 22. Kg2 Ng5 23. Bb3 Rxf3 24. Rf1 Rxf1 25. Kxf1 Nf3 26. Kg2 Nd4 27. Bg8 h6 28. Bh7 g5 29. Kh3 Kc8 30. Kg4 Kd7 31. Kh5 Bf8 32. h4 gxh4 33. gxh4 Ke6 34. Kg4 Ke5 35. h5 Nc6 36. Kf3 Ne7 37. b3 Nd5 38. a4 Ba3 39. Ke2 Kf4 0-1